00342nam a2200133Ia 4500008004100000020001000041040001600051041001200067082002100079100002700100245003000127260003600157300001500193230917s9999||||xx |||||||||||||| ||und|| cRS350 e33796aMAIN aEnglish a294.592609 B223C aBanerji, Sures Chandra 0aCompanion to dharmasastra aNew DelhibD K Printworldc1998 aix, 265 p.